000 00380nam a22001697a 4500
003 OSt
005 20210924101737.0
008 210924b |||||||| |||| 00| 0 eng d
020 _a0876920741
040 _cHU
082 _a330
100 _aLAY JEMES GIBSON
_96969
245 _aECONOMIC GEOGERAPHY
260 _aNEW DEHAIL
_bLTD
_c1979
300 _a479
942 _2ddc
_cBOOKS
_n0
999 _c6640
_d6640